BUBT Library Online Catalog

Othello : (Record no. 4872)

000 -LEADER
fixed length control field 00614nam a2200229Ia 4500
003 - CONTROL NUMBER IDENTIFIER
control field BUBTL
008 - FIXED-LENGTH DATA ELEMENTS--GENERAL INFORMATION
fixed length control field 151213s9999 xx 000 0 und d
020 ## - INTERNATIONAL STANDARD BOOK NUMBER
International Standard Book Number 0333633563
082 ## - DEWEY DECIMAL CLASSIFICATION NUMBER
Classification number 822.3'3/ Sh152o/ 2004
100 ## - MAIN ENTRY--PERSONAL NAME
Personal name Shakespeare, William
9 (RLIN) 1992
245 ## - TITLE STATEMENT
Title Othello :
Statement of responsibility, etc. William Shakespeare
250 ## - EDITION STATEMENT
Edition statement 1st Edn
260 ## - PUBLICATION, DISTRIBUTION, ETC. (IMPRINT)
Place of publication, distribution, etc. New York
Name of publisher, distributor, etc. Palgrave
Date of publication, distribution, etc. c2004
300 ## - PHYSICAL DESCRIPTION
Extent [ix],269p. :
Other physical details 21 cm
500 ## - GENERAL NOTE
General note Includes Index
650 ## - SUBJECT ADDED ENTRY--TOPICAL TERM
Topical term or geographic name as entry element English Literature
650 ## - SUBJECT ADDED ENTRY--TOPICAL TERM
Topical term or geographic name as entry element
700 ## - ADDED ENTRY--PERSONAL NAME
Personal name William Shakespeare
9 (RLIN) 4875
856 ## - ELECTRONIC LOCATION AND ACCESS
Password 0
Logon 0
Link text Download
942 ## - ADDED ENTRY ELEMENTS (KOHA)
Source of classification or shelving scheme
Koha item type Books
Holdings
Withdrawn status Lost status Source of classification or shelving scheme Damaged status Not for loan Collection code Permanent location Current location Shelving location Date acquired Source of acquisition Inventory number Total Checkouts Full call number Barcode Date last seen Copy number Price effective from Koha item type
          Non-fiction Bangladesh University of Business and Technology Library Bangladesh University of Business and Technology Library English Literature Stacks 07/21/2011 Purchase 10697   822.3'3/ Sh152o/ 2004 BUBTL-200310697 11/11/2022 C-1 11/11/2022 Books
          Non-fiction Bangladesh University of Business and Technology Library Bangladesh University of Business and Technology Library English Literature Stacks 07/21/2011 Purchase 10698   822.3'3/ Sh152o/ 2004 BUBTL-200310698 11/11/2022 C-2 11/11/2022 Books
          Non-fiction Bangladesh University of Business and Technology Library Bangladesh University of Business and Technology Library English Literature Stacks 07/21/2011 Purchase 10699   822.3'3/ Sh152o/ 2004 BUBTL-200310699 11/11/2022 C-3 11/11/2022 Books
        Not For Loan Non-fiction Bangladesh University of Business and Technology Library Bangladesh University of Business and Technology Library English Literature Stacks 07/21/2011 Purchase 10700   822.3'3/ Sh152o/ 2004 BUBTL-200310700 11/11/2022 C-4 11/11/2022 Books
        Not For Loan Non-fiction Bangladesh University of Business and Technology Library Bangladesh University of Business and Technology Library English Literature Stacks 07/21/2011 Purchase 10701   822.3'3/ Sh152o/ 2004 BUBTL-200310701 11/11/2022 C-5 11/11/2022 Books

More Information About Library

Library Hours

  • Open: 9.00 am. to 9.00 pm.
  • Only Sunday: 9.00 am. to 6.00 pm.
  • Closed: Holiday

Contact to the University

Bangladesh University of Business and Technology Library

  • Mirpurl-2, 1216.
  • Phone:
  • Fax:
  • E-Mail: admin.library@bubt.edu.bd

Contact to the Library

Contact Person:

Md. Abdul Hakim Shah
Joint Librarian
PABX No:  113
Cell No: 01816332931
E-mail: official: admin.library@bubt.edu.bd
Personal: hakim.shah@bubt.edu.bd


BUBT Library

Copyright © 2021